Reprezentacje które brały udział w Siatkarskiej Lidze Narodów - Statystyki

Ogólne statystyki
  • Ten quiz został rozwiązany 131 razy
  • Średni wynik to 17 z 20
Statystyki odpowiedzi
Ile razy dana reprezentacja brała udział Reprezentacja % Poprawnych
5 Francja
99%
5 Polska
98%
5 Włochy
97%
5 Japonia
95%
5 USA
94%
4 Chiny
93%
5 Brazylia
91%
5 Niemcy
91%
5 Argentyna
90%
5 Kanada
90%
3 Rosja
90%
5 Serbia
87%
3 Holandia
85%
3 Słowenia
84%
5 Bułgaria
76%
5 Iran
76%
1 Kuba
74%
4 Australia
59%
1 Korea Południowa
58%
1 Portugalia
55%
Nie znaleziono quizów pasujących do podanych kryteriów
Rozkład punktacji
Procent ludzi z każdym wynikiem
Percentyl według liczby udzielonych odpowiedzi
Twoja historia wyników
Nie rozwiązałeś tego quizu